[Event "SVK-chT2C 1112"]
[Site "Slovakia"]
[Date "2012.01.28"]
[Round "8.8"]
[White "Gonda, Jozef"]
[Black "Adamciak, Tomas"]
[Result "1-0"]
[WhiteElo "1781"]
[BlackElo "1726"]
[PlyCount "83"]
[EventDate "2011.10.08"]
[EventType "team-tourn"]
[EventRounds "11"]
[EventCountry "SVK"]
[SourceTitle "EXT 2013"]
[Source "ChessBase"]
[SourceDate "2012.11.22"]
[SourceVersion "1"]
[SourceVersionDate "2012.11.22"]
[SourceQuality "1"]
[WhiteTeam "Podpolanie Hrinova"]
[BlackTeam "Liptov Chess School II"]
[WhiteTeamCountry "SVK"]
[BlackTeamCountry "SVK"]

1. e4 e5 2. Nf3 Nc6 3. Bc4 Nf6 4. d3 Be7 5. Nc3 d6 6. h3 Na5 7. Bb3 c6 8. 0-0 0-0 9. Ne2 Nxb3 10. axb3 Qc7 11. Be3 d5 12. exd5 Nxd5 13. Bd2 f6 14. Ra4 b5 15. Ra2 Nb4 16. Ra1 Rd8 17. Qc1 Qb6 18. Ng3 Qc5 19. Bc3 Qb6 20. Qd2 a5 21. Qe2 Nd5 22. Bd2 c5 23. Nh4 g6 24. Nf3 Nc7 25. Nh2 Ne6 26. Qe1 b4 27. Ng4 Nd4 28. Rc1 Ne6 29. Ne3 Ba6 30. h4 Kg7 31. h5 Qb7 32. Nc4 Bxc4 33. h6+ Kg8 34. bxc4 a4 35. f4 Nxf4 36. Bxf4 exf4 37. Qe6+ Kh8 38. Qf7 Rg8 39. Rce1 Rae8 40. Rxf4 Qd7 41. Rfe4 Qd6 42. Nh1 1-0